| 000 | 00711nam a2200229 4500 | ||
|---|---|---|---|
| 003 | OSt | ||
| 005 | 20260601170959.0 | ||
| 008 | 260421b1977\\\\sp\a||||\||||\00|\0\spa\d | ||
| 020 | _a8425206480 | ||
| 040 |
_aICI _bspa _cICI |
||
| 050 |
_aLB1051 _bR63 |
||
| 100 |
_a Rodríguez Diéguez, José Luis, _d1940 _931064 |
||
| 245 | 1 |
_aLas funciones de la imagen en la enseñanza _bsemántica y didáctica _cJ.L. Rodríguez Diéguez |
|
| 264 |
_b Gustavo Gili _c1977 _aBarcelona |
||
| 300 |
_a196 páginas _bilustraciones |
||
| 336 |
_atexto _2rdacontent |
||
| 337 |
_asin medio _2rdamedia |
||
| 338 |
_avolumen _2rdacarrier |
||
| 490 | _a Comunicación visual | ||
| 650 |
_a Psicopedagogía _931065 |
||
| 942 |
_2ddc _cB |
||
| 999 |
_c19964 _d19964 |
||